[Event "SR 2. liga A 2008/2009"]
[Site "?"]
[Date "2008.12.07"]
[Round "6.7"]
[White "Krajnak, Robert"]
[Black "Durovka, Stefan"]
[Result "1-0"]
[WhiteElo "2079"]
[BlackElo "1875"]
[PlyCount "57"]
[EventDate "2008.??.??"]
[WhiteTeam "Slovakia"]
[BlackTeam "II"]
[WhiteTeamCountry "SVK"]
[BlackTeamCountry "SVK"]

1. c4 Nf6 2. Nc3 Nc6 3. g3 e5 4. Bg2 Nd4 5. e3 Ne6 6. d4 exd4 7. exd4 c6 8. d5
cxd5 9. cxd5 Nc5 10. b4 Qe7+ 11. Nge2 Nce4 12. O-O Qxb4 13. Nxe4 Nxe4 14. Nd4
Bc5 15. Re1 f5 16. Bxe4 O-O 17. Nxf5 d6 18. Rb1 Qa5 19. Ne3 Bb4 20. Qh5 h6 21.
Re2 Bc3 22. Qg6 Qa6 23. Rc2 Bh3 24. Qh7+ Kf7 25. Rxc3 Rac8 26. Bg6+ Kf6 27.
Rxc8 Rxc8 28. Bb2+ Ke7 29. Qxg7+ 1-0

[Event "SR 2. liga A 2008/2009"]
[Site "?"]
[Date "2008.12.07"]
[Round "6.7"]
[White "Puchart, Vladimir"]
[Black "Mihalik, Anton"]
[Result "1-0"]
[WhiteElo "2024"]
[BlackElo "1959"]
[PlyCount "77"]
[EventDate "2008.??.??"]
[WhiteTeam "Slovakia"]
[BlackTeam "II"]
[WhiteTeamCountry "SVK"]
[BlackTeamCountry "SVK"]

1. d4 d5 2. c4 e6 3. Nf3 Nf6 4. Bg5 Be7 5. Nc3 Nbd7 6. e3 a6 7. cxd5 exd5 8.
Bd3 c6 9. Qc2 h6 10. Bh4 O-O 11. O-O Re8 12. Rab1 Ne4 13. Bxe7 Qxe7 14. b4 Ndf6
15. Ne5 Nxc3 16. Qxc3 Ng4 17. Nf3 Nf6 18. Rfc1 Be6 19. a4 Rec8 20. Qb2 Nd7 21.
Ra1 Qd6 22. b5 axb5 23. axb5 Qb8 24. Qb4 Rxa1 25. Rxa1 Qc7 26. h3 c5 27. dxc5
Qxc5 28. Qb2 Qc3 29. Qxc3 Rxc3 30. Ra8+ Nf8 31. Be2 Rc1+ 32. Kh2 Rc8 33. Ra7
Rc7 34. b6 Re7 35. Nd4 Bc8 36. Ra8 Re8 37. Bg4 Ne6 38. Nxe6 fxe6 39. Rxc8 1-0

[Event "SR 2. liga A 2008/2009"]
[Site "?"]
[Date "2008.12.07"]
[Round "6.7"]
[White "Vach, Pavol"]
[Black "Niznansky, Lukas"]
[Result "1-0"]
[WhiteElo "2104"]
[BlackElo "1479"]
[PlyCount "41"]
[EventDate "2008.??.??"]
[WhiteTeam "Slovakia"]
[BlackTeam "II"]
[WhiteTeamCountry "SVK"]
[BlackTeamCountry "SVK"]

1. d4 d5 2. c4 e6 3. Nc3 Nf6 4. Nf3 Bb4 5. Bg5 O-O 6. e3 Nc6 7. Bd3 Bd7 8. O-O
h6 9. cxd5 exd5 10. Bxf6 Qxf6 11. Nxd5 Qd6 12. Nf4 Rfe8 13. a3 Ba5 14. Bc2 Ne7
15. Ne5 Bb5 16. Nxf7 Kxf7 17. Qh5+ Kg8 18. Qxb5 Bb6 19. Qd3 Kf8 20. Bb3 Qf6 21.
Ne6+ 1-0

[Event "SR 2. liga A 2008/2009"]
[Site "?"]
[Date "2008.12.07"]
[Round "6.8"]
[White "Hajek, Lukas"]
[Black "Farkas, Vladimir"]
[Result "0-1"]
[WhiteElo "1587"]
[BlackElo "2035"]
[PlyCount "118"]
[EventDate "2008.??.??"]
[WhiteTeam "Slovakia"]
[BlackTeam "II"]
[WhiteTeamCountry "SVK"]
[BlackTeamCountry "SVK"]

1. d4 Nf6 2. c4 d6 3. Nc3 g6 4. e4 Bg7 5. Nf3 O-O 6. Be2 e5 7. dxe5 dxe5 8.
Qxd8 Rxd8 9. O-O c6 10. Bg5 Re8 11. Rfd1 Nbd7 12. Nd2 Nc5 13. Nb3 Ne6 14. Be3
Bf8 15. Na4 b6 16. Rac1 Be7 17. Nc3 Nd7 18. Bg4 Nf6 19. Bxe6 Bxe6 20. Nd2 Ng4
21. b3 Nxe3 22. fxe3 Ba3 23. Rc2 Rad8 24. Nf3 Rxd1+ 25. Nxd1 Rd8 26. Rd2 Rxd2
27. Nxd2 f6 28. Nb1 Bd6 29. Nbc3 Kf7 30. Kf2 Ke7 31. Ke2 Kd7 32. Kd3 Kc7 33. h3
Kb7 34. Kd2 Ka6 35. Kd3 Ka5 36. Kc2 a6 37. a4 f5 38. exf5 gxf5 39. Nb2 b5 40.
axb5 axb5 41. cxb5 cxb5 42. Nd3 e4 43. Nf2 Kb4 44. Na2+ Ka3 45. Nc1 Bg3 46. Nd1
Be5 47. Nc3 Bxc3 48. Kxc3 b4+ 49. Kc2 Bf7 50. Kd2 Bh5 51. Kc2 h6 52. h4 Bg4 53.
g3 Bf3 54. Kb1 h5 55. Kc2 Bg4 56. Kb1 Bd1 57. Ka1 Bxb3 58. Ne2 Bc2 59. Nd4 Bd3
0-1

[Event "SR 2. liga A 2008/2009"]
[Site "?"]
[Date "2008.12.07"]
[Round "6.8"]
[White "Manak, Adrian"]
[Black "Mosny, Jaroslav"]
[Result "0-1"]
[WhiteElo "1637"]
[BlackElo "2018"]
[PlyCount "52"]
[EventDate "2008.??.??"]
[WhiteTeam "Slovakia"]
[BlackTeam "II"]
[WhiteTeamCountry "SVK"]
[BlackTeamCountry "SVK"]

1. d4 Nf6 2. c4 e5 3. dxe5 Ne4 4. Nf3 Nc6 5. a3 d6 6. exd6 Bxd6 7. e3 Qf6 8.
Nbd2 Bf5 9. Nxe4 Bxe4 10. Nd2 Bg6 11. Qf3 Qe7 12. Be2 O-O 13. O-O Rad8 14. b4
Qe5 15. g3 Qxa1 16. b5 Na5 17. Ne4 Rfe8 18. Nxd6 Rxd6 19. c5 Rdd8 20. Qf4 Qe5
21. Qb4 b6 22. c6 Qc5 23. Qxc5 bxc5 24. Bg4 Bd3 25. Bd7 Bxf1 26. Bxe8 Bxb5 0-1

[Event "SR 2. liga A 2008/2009"]
[Site "?"]
[Date "2008.12.07"]
[Round "6.8"]
[White "Orolin, Peter"]
[Black "Milanov, Jasen"]
[Result "1-0"]
[WhiteElo "1941"]
[BlackElo "1952"]
[PlyCount "77"]
[EventDate "2008.??.??"]
[WhiteTeam "Slovakia"]
[BlackTeam "II"]
[WhiteTeamCountry "SVK"]
[BlackTeamCountry "SVK"]

1. d4 d5 2. c4 e6 3. Nf3 Nf6 4. g3 Be7 5. Bg2 O-O 6. O-O b6 7. cxd5 exd5 8. Nc3
Bb7 9. Bf4 a6 10. Ne5 Ne4 11. Nxe4 dxe4 12. Rc1 g5 13. Be3 f6 14. Nc4 Nd7 15.
Qd2 Bd5 16. Rfd1 Ra7 17. b4 b5 18. Na5 Qa8 19. Bh3 Nb6 20. a3 Qe8 21. Bf5 Kg7
22. h4 h6 23. hxg5 hxg5 24. Kg2 Rg8 25. Rh1 c6 26. Rh7+ Kf8 27. Qc2 Rc7 28.
Rch1 Bd6 29. Rxc7 Bxc7 30. Qc5+ Qe7 31. Qxe7+ Kxe7 32. Rh7+ Bf7 33. Nxc6+ Kf8
34. Bxe4 Rg7 35. Rxg7 Kxg7 36. Ne7 Nc4 37. Bc1 Nd6 38. Nf5+ Nxf5 39. Bxf5 {time
} 1-0

[Event "SR 2. liga A 2008/2009"]
[Site "?"]
[Date "2008.12.07"]
[Round "6.8"]
[White "Srna, Jan"]
[Black "Obdrzalkova, Anita"]
[Result "1/2-1/2"]
[WhiteElo "2042"]
[BlackElo "2005"]
[PlyCount "37"]
[EventDate "2008.??.??"]
[WhiteTeam "Slovakia"]
[BlackTeam "II"]
[WhiteTeamCountry "SVK"]
[BlackTeamCountry "SVK"]

1. d4 d5 2. Nf3 Nf6 3. b3 c6 4. a3 Bf5 5. Bb2 Nbd7 6. e3 e6 7. c4 Be7 8. Nc3
O-O 9. Bd3 Bg4 10. Be2 Qc7 11. Rc1 Rad8 12. h3 Bh5 13. cxd5 exd5 14. g4 Bg6 15.
g5 Ne4 16. Nxd5 Qa5+ 17. Nc3 Nxg5 18. b4 Nxf3+ 19. Bxf3 1/2-1/2

[Event "SR 2. liga A 2008/2009"]
[Site "?"]
[Date "2009.01.10"]
[Round "7.1"]
[White "Abel, Peter"]
[Black "Likavsky, Tomas"]
[Result "0-1"]
[WhiteElo "2176"]
[BlackElo "2498"]
[PlyCount "74"]
[EventDate "2008.??.??"]
[WhiteTeam "Slovakia"]
[BlackTeam "II"]
[WhiteTeamCountry "SVK"]
[BlackTeamCountry "SVK"]

1. c4 c5 2. Nc3 Nc6 3. g3 g6 4. Bg2 Bg7 5. Nf3 e6 6. d3 Nge7 7. O-O O-O 8. Bf4
d5 9. cxd5 Nxd5 10. Nxd5 exd5 11. Qc1 Re8 12. Re1 b6 13. Rb1 Bg4 14. Qd2 Qd7
15. Kf1 a5 16. a4 Nb4 17. Qd1 Rac8 18. Bd2 Bf5 19. Bc3 c4 20. Bxb4 axb4 21. Nh4
Be6 22. e4 dxe4 23. dxe4 b3 24. e5 Qxa4 25. f4 Red8 26. Qf3 Rd3 27. Qe4 Qd7 28.
Rbc1 b5 29. Nf3 h6 30. Kg1 b4 31. h4 c3 32. Qxb4 c2 33. Qe4 Rd8 34. Bf1 Rd1 35.
Kf2 Bf8 36. Be2 Bc5+ 37. Kf1 Bh3# 0-1

[Event "SR 2. liga A 2008/2009"]
[Site "?"]
[Date "2009.01.10"]
[Round "7.1"]
[White "Cvicela, Anton"]
[Black "Doucha, Ludvik"]
[Result "1/2-1/2"]
[WhiteElo "2217"]
[BlackElo "2080"]
[PlyCount "78"]
[EventDate "2008.??.??"]
[WhiteTeam "Slovakia"]
[BlackTeam "II"]
[WhiteTeamCountry "SVK"]
[BlackTeamCountry "SVK"]

1. e4 e5 2. Nf3 d6 3. d4 exd4 4. Qxd4 Nc6 5. Bb5 Nge7 6. Bg5 a6 7. Bxc6+ Nxc6
8. Qc3 f6 9. Bh4 Be6 10. Nd4 Nxd4 11. Qxd4 Be7 12. Nc3 c6 13. a4 Qa5 14. O-O
O-O 15. Bg3 Rad8 16. Rad1 f5 17. b4 Qc7 18. exf5 Bxf5 19. Nd5 Qd7 20. Nxe7+
Qxe7 21. Bh4 g5 22. Qc3 Qg7 23. Qxg7+ Kxg7 24. Bxg5 Rd7 25. Rd2 Re8 26. Rfd1
Re4 27. c3 d5 28. f3 Rc4 29. Be3 a5 30. Bc5 Kf7 31. g4 Bg6 32. Rd4 Rxc3 33. f4
Kg7 34. f5 Bf7 35. Kf2 axb4 36. Bxb4 Rc2+ 37. R1d2 Rc1 38. Ba3 Rc3 39. Bb4 Rc1
1/2-1/2

[Event "SR 2. liga A 2008/2009"]
[Site "?"]
[Date "2009.01.10"]
[Round "7.1"]
[White "Federic, Jozef"]
[Black "Varga, David"]
[Result "1/2-1/2"]
[WhiteElo "2239"]
[BlackElo "2270"]
[PlyCount "100"]
[EventDate "2008.??.??"]
[WhiteTeam "Slovakia"]
[BlackTeam "II"]
[WhiteTeamCountry "SVK"]
[BlackTeamCountry "SVK"]

1. d4 Nf6 2. c4 e6 3. g3 d5 4. Nf3 c6 5. Bg2 Nbd7 6. Nbd2 Bd6 7. O-O O-O 8. Qc2
Qe7 9. Rd1 Rd8 10. e4 dxe4 11. Nxe4 Nxe4 12. Qxe4 Nf6 13. Qc2 Bd7 14. Bg5 h6
15. Bd2 c5 16. Ba5 b6 17. Bc3 cxd4 18. Nxd4 Rac8 19. Qe2 e5 20. Nc2 Bg4 21. Bf3
Bxf3 22. Qxf3 Rxc4 23. Ne3 Rcc8 24. Nf5 Qe6 25. Rxd6 Rxd6 26. Nxd6 Qxd6 27. Qb7
Re8 28. Qxa7 Ne4 29. Qa4 Nf6 30. Rd1 Qe6 31. Re1 Qd5 32. a3 Re6 33. Qd1 Qxd1
34. Rxd1 Ne4 35. Bb4 Rf6 36. Re1 Nxf2 37. Rxe5 Nd3 38. Re8+ Kh7 39. Bc3 Rf5 40.
Re4 b5 41. Re3 Nc5 42. Re5 Rxe5 43. Bxe5 g5 44. Bd4 Ne4 45. Kf1 Kg6 46. Ke2 f5
47. Be5 Kf7 48. Ke3 Ke6 49. Bg7 h5 50. Kd4 h4 1/2-1/2

[Event "SR 2. liga A 2008/2009"]
[Site "?"]
[Date "2009.01.10"]
[Round "7.1"]
[White "Janos, Martin"]
[Black "Markos, Jan"]
[Result "1/2-1/2"]
[WhiteElo "2210"]
[BlackElo "2557"]
[PlyCount "124"]
[EventDate "2008.??.??"]
[WhiteTeam "Slovakia"]
[BlackTeam "II"]
[WhiteTeamCountry "SVK"]
[BlackTeamCountry "SVK"]

1. d4 Nf6 2. Nf3 c5 3. d5 e6 4. c4 b5 5. dxe6 fxe6 6. g3 bxc4 7. Qa4 Be7 8. Bg2
O-O 9. Qxc4 d5 10. Qc2 Nc6 11. O-O e5 12. Nc3 e4 13. Ng5 h6 14. Nxd5 Qxd5 15.
Nxe4 Nxe4 16. Bxe4 Qe6 17. Be3 Nb4 18. Qb1 Rb8 19. Rc1 Bb7 20. Bxb7 Rxb7 21. a3
Nd5 22. Bxc5 Bxc5 23. Rxc5 Qxe2 24. Qf1 Qxf1+ 25. Rxf1 Nb6 26. b4 Rf3 27. Ra1
Na4 28. Rc2 Rd7 29. Kg2 Rfd3 30. h4 Kf7 31. Rc4 R3d4 32. Rxd4 Rxd4 33. Rc1 Ke6
34. h5 Nb6 35. Rc6+ Rd6 36. Rc7 Rd7 37. Rc6+ Kd5 38. Rc5+ Ke4 39. f3+ Ke3 40.
Rc3+ Kd4 41. Rc6 Nd5 42. g4 Rc7 43. Ra6 Nb6 44. Kg3 Rf7 45. f4 Nd5 46. g5 Nxf4
47. gxh6 gxh6 48. Rxh6 Ke4 49. b5 Rg7+ 50. Kf2 Rg2+ 51. Kf1 Rb2 52. Rh7 Rxb5
53. Rxa7 Rxh5 54. Ke1 Rd5 55. Rb7 Rd4 56. Kf2 Rd2+ 57. Ke1 Ra2 58. Kd1 Nd5 59.
Rb3 Kd4 60. Ke1 Ke4 61. Kd1 Nf4 62. Rb8 Rxa3 1/2-1/2

[Event "SR 2. liga A 2008/2009"]
[Site "?"]
[Date "2009.01.10"]
[Round "7.1"]
[White "Schwarz, Dusan"]
[Black "Frindt, Kornel"]
[Result "1-0"]
[WhiteElo "2338"]
[BlackElo "2151"]
[PlyCount "111"]
[EventDate "2008.??.??"]
[WhiteTeam "Slovakia"]
[BlackTeam "II"]
[WhiteTeamCountry "SVK"]
[BlackTeamCountry "SVK"]

1. d4 Nf6 2. c4 g6 3. Nc3 Bg7 4. e4 d6 5. f3 O-O 6. Nge2 e5 7. Bg5 c6 8. Qd2 a6
9. d5 c5 10. g4 Qe8 11. Ng3 Nfd7 12. Bd3 f6 13. Be3 Rf7 14. h4 Nf8 15. h5 b6
16. hxg6 hxg6 17. Qh2 Rb7 18. a4 Raa7 19. Kf2 Kf7 20. g5 Ke7 21. Rhb1 Nbd7 22.
Bf1 Qf7 23. Bh3 Kd8 24. Ke2 fxg5 25. Bxg5+ Bf6 26. Be3 Nh7 27. Be6 Qe7 28. Rh1
Ndf8 29. Bxc8 Kxc8 30. Rag1 Qd8 31. Nf1 Ng5 32. Qg3 Rh7 33. f4 Rxh1 34. Rxh1
exf4 35. Qxf4 Nf7 36. Nd2 Ne5 37. Rb1 Rf7 38. Qg3 Qd7 39. Rf1 Qg4+ 40. Qxg4+
Nxg4 41. Bg5 Nd7 42. e5 dxe5 43. Nde4 Kd8 44. Nxf6 Ngxf6 45. Ne4 Ke7 46. Nxf6
Rxf6 47. Rh1 Ke8 48. Bxf6 Nxf6 49. a5 Nd7 50. Rh8+ Ke7 51. Rh7+ Kd6 52. Rg7 b5
53. Rxg6+ Kc7 54. Rxa6 bxc4 55. Ra7+ Kd6 56. Rxd7+ 1-0

[Event "SR 2. liga A 2008/2009"]
[Site "?"]
[Date "2009.01.10"]
[Round "7.1"]
[White "Tibensky, Robert"]
[Black "Rohacek, Miroslav"]
[Result "1-0"]
[WhiteElo "2391"]
[BlackElo "2215"]
[PlyCount "99"]
[EventDate "2008.??.??"]
[WhiteTeam "Slovakia"]
[BlackTeam "II"]
[WhiteTeamCountry "SVK"]
[BlackTeamCountry "SVK"]

1. d4 d5 2. c4 c6 3. Nf3 Nf6 4. Qc2 g6 5. Bf4 Bg7 6. e3 O-O 7. Nc3 dxc4 8. Bxc4
b5 9. Be2 Bb7 10. O-O Nbd7 11. Rfd1 a6 12. a4 b4 13. Ne4 Nxe4 14. Qxe4 Ra7 15.
Qc2 a5 16. Rac1 Qa8 17. Qb3 Ba6 18. Bxa6 Rxa6 19. Rc2 h6 20. Bg3 Rc8 21. Rdc1
e6 22. Bd6 Nf6 23. Qd3 Qb7 24. Nd2 Raa8 25. Nb3 Qd7 26. Be5 Nd5 27. Bxg7 Kxg7
28. Rc5 Nb6 29. Ra1 Ra7 30. Qc2 Rca8 31. Rxc6 Nd5 32. Rc5 Nb6 33. Nd2 Rc8 34.
Rxc8 Qxc8 35. Qxc8 Nxc8 36. Rc1 Nb6 37. b3 Nd7 38. Kf1 Kf6 39. Rc6 Ke7 40. Nc4
h5 41. Ke2 f6 42. Kd3 g5 43. Nd6 Ra8 44. Nb7 f5 45. Nc5 Nxc5+ 46. Rxc5 Kd6 47.
Kc4 g4 48. g3 h4 49. Kb5 h3 50. Kb6 1-0

[Event "SR 2. liga A 2008/2009"]
[Site "?"]
[Date "2009.01.10"]
[Round "7.2"]
[White "Gasa, Andrej"]
[Black "Kundrik, Peter"]
[Result "1/2-1/2"]
[WhiteElo "2201"]
[BlackElo "2228"]
[PlyCount "30"]
[EventDate "2008.??.??"]
[WhiteTeam "Slovakia"]
[BlackTeam "II"]
[WhiteTeamCountry "SVK"]
[BlackTeamCountry "SVK"]

1. e4 c5 2. Nf3 Nc6 3. d4 cxd4 4. Nxd4 Nf6 5. Nc3 e5 6. Ndb5 d6 7. Bg5 a6 8.
Na3 b5 9. Nd5 Qa5+ 10. Bd2 Qd8 11. Bg5 Qa5+ 12. Bd2 Qd8 13. c4 Nxe4 14. cxb5
Be6 15. Bc4 Ne7 1/2-1/2

[Event "SR 2. liga A 2008/2009"]
[Site "?"]
[Date "2009.01.10"]
[Round "7.2"]
[White "Petenyi, Tamas"]
[Black "Federic, Pavol"]
[Result "1-0"]
[WhiteElo "2251"]
[BlackElo "2238"]
[PlyCount "127"]
[EventDate "2008.??.??"]
[WhiteTeam "Slovakia"]
[BlackTeam "II"]
[WhiteTeamCountry "SVK"]
[BlackTeamCountry "SVK"]

1. e4 e5 2. Nf3 Nc6 3. Bb5 a6 4. Ba4 Nf6 5. Qe2 b5 6. Bb3 Bc5 7. c3 O-O 8. O-O
d6 9. Rd1 Bb6 10. h3 Na5 11. Bc2 c5 12. d4 cxd4 13. cxd4 exd4 14. Nxd4 Re8 15.
Bg5 h6 16. Bh4 Nc4 17. Nc3 Nxb2 18. Nd5 Nxd1 19. Bxf6 Nc3 20. Qf3 gxf6 21. Nc6
Nxd5 22. Nxd8 Nb4 23. Qg3+ Kh7 24. Bb3 Rg8 25. Qc3 Bxd8 26. Qxb4 Bxh3 27. g3
Be7 28. Rc1 Rac8 29. Rxc8 Rxc8 30. Bxf7 Kg7 31. Bb3 Rc1+ 32. Kh2 Bg4 33. Qd2
Rc5 34. Bd5 h5 35. Kg2 Bc8 36. Qa5 f5 37. Qd2 fxe4 38. Bxe4 Re5 39. Bf3 h4 40.
Qc3 Be6 41. gxh4 Bxa2 42. Be4 Bf6 43. Qg3+ Kf7 44. Qg6+ Ke7 45. Qh7+ Kd8 46.
Qb7 Be6 47. Bc6 d5 48. f4 Re2+ 49. Kf3 Rd2 50. Qb8+ Ke7 51. Qc7+ Kf8 52. Qd6+
Kf7 53. Be8+ Kxe8 54. Qxe6+ Be7 55. h5 Rh2 56. h6 b4 57. h7 a5 58. Qg8+ Kd7 59.
h8=Q Rxh8 60. Qxh8 b3 61. Qa8 b2 62. Qb7+ Ke6 63. Qxb2 a4 64. Qe5+ 1-0

[Event "SR 2. liga A 2008/2009"]
[Site "?"]
[Date "2009.01.10"]
[Round "7.2"]
[White "Petrik, Stanislav"]
[Black "Kleman, Miroslav"]
[Result "0-1"]
[WhiteElo "2215"]
[BlackElo "2204"]
[PlyCount "137"]
[EventDate "2008.??.??"]
[WhiteTeam "Slovakia"]
[BlackTeam "II"]
[WhiteTeamCountry "SVK"]
[BlackTeamCountry "SVK"]

1. e4 e5 2. Nf3 Nc6 3. d4 d5 4. Nxe5 dxe4 5. Nxc6 bxc6 6. Nc3 f5 7. Bc4 Bd6 8.
Bxg8 Rxg8 9. Qh5+ g6 10. Qxh7 Be6 11. h4 Qf6 12. Bg5 Qxd4 13. Rd1 Qh8 14. Qxh8
Rxh8 15. Ne2 c5 16. b3 a5 17. Nc3 Rb8 18. Nd5 Kd7 19. O-O a4 20. bxa4 Ra8 21.
Nb6+ Kc6 22. Nxa8 Rxa8 23. Bf6 Rxa4 24. c3 Bc4 25. Rfe1 Rxa2 26. Ra1 Rd2 27.
Ra8 e3 28. fxe3 Bd5 29. Bg5 Rxg2+ 30. Kf1 Bg3 31. Re2 Rxe2 32. Kxe2 Be5 33. Kd2
Kd7 34. Ra5 Bd6 35. Bf4 Ke6 36. Bxd6 cxd6 37. Ra6 Ke5 38. Ra7 f4 39. Ra6 f3 40.
Ra4 Be4 41. Ra7 d5 42. Rc7 c4 43. Ke1 Kf5 44. h5 gxh5 45. Rg7 Kf6 46. Rg3 Kf5
47. Kf2 Kf6 48. Rg8 Kf5 49. Kg3 Kf6 50. Kh4 Bf5 51. Rf8+ Kg6 52. Kg3 Be4 53.
Rf4 Kg5 54. Kh3 Bf5+ 55. Kh2 Be4 56. Kg3 Kh6 57. Rh4 Kg5 58. Rh1 Bf5 59. Rg1
Be4 60. Kh3+ Kh6 61. Kh4 Bd3 62. Kg3 Be4 63. Kf4 Kh7 64. Ra1 Kg6 65. Ra6+ Kg7
66. Kg5 h4 67. Rh6 h3 68. Ra6 f2 69. Ra7+ 0-1

[Event "SR 2. liga A 2008/2009"]
[Site "?"]
[Date "2009.01.10"]
[Round "7.2"]
[White "Stetina, Erik"]
[Black "Skreno, Vladimir"]
[Result "1/2-1/2"]
[WhiteElo "2043"]
[BlackElo "2208"]
[PlyCount "110"]
[EventDate "2008.??.??"]
[WhiteTeam "Slovakia"]
[BlackTeam "II"]
[WhiteTeamCountry "SVK"]
[BlackTeamCountry "SVK"]

1. e4 c5 2. Nf3 Nc6 3. c4 g6 4. d3 Bg7 5. g3 e6 6. Nc3 Nge7 7. Be3 Nd4 8. Bg2
Nec6 9. O-O O-O 10. Qd2 d6 11. h3 Nxf3+ 12. Bxf3 a6 13. Bg2 Rb8 14. Rad1 Nd4
15. Ne2 Nxe2+ 16. Qxe2 Qa5 17. d4 cxd4 18. Bxd4 e5 19. Bc3 Qxa2 20. Rfe1 Be6
21. Bf1 Rfc8 22. Qc2 Bxc4 23. Bxc4 Qxc4 24. Rxd6 b5 25. Qb1 b4 26. Bd2 a5 27.
b3 Qc2 28. Rd8+ Bf8 29. Qxc2 Rxc2 30. Rxb8 Rxd2 31. Ra1 Kg7 32. Rxa5 Rb2 33.
Rb7 Rxb3 34. Rxe5 Rc3 35. Reb5 Bc5 36. Rxc5 Rxc5 37. Rxb4 h5 38. Kg2 Rc3 39. e5
Rc5 40. Re4 Rc2 41. g4 hxg4 42. hxg4 g5 43. Kg3 Rc3+ 44. Re3 Rc4 45. f3 Kg6 46.
Re4 Rc2 47. f4 Rc3+ 48. Kf2 gxf4 49. Rxf4 Rc5 50. Rf5 Rc3 51. Rf6+ Kg7 52. Rf3
Rc5 53. Re3 Kg6 54. e6 fxe6 55. Rxe6+ Kg5 1/2-1/2

[Event "SR 2. liga A 2008/2009"]
[Site "?"]
[Date "2009.01.10"]
[Round "7.2"]
[White "Tepper, Frantisek"]
[Black "Samko, Karol"]
[Result "1-0"]
[WhiteElo "2162"]
[BlackElo "2048"]
[PlyCount "83"]
[EventDate "2008.??.??"]
[WhiteTeam "Slovakia"]
[BlackTeam "II"]
[WhiteTeamCountry "SVK"]
[BlackTeamCountry "SVK"]

1. e4 c5 2. Nf3 d6 3. Bb5+ Bd7 4. Bxd7+ Qxd7 5. O-O Nc6 6. c3 Nf6 7. Re1 e6 8.
d3 Be7 9. Nbd2 O-O 10. Nf1 Rfd8 11. h3 b5 12. Ng3 Ne5 13. Bf4 Ng6 14. Be3 Qc6
15. Qe2 Rac8 16. Bg5 Nd7 17. Bxe7 Nxe7 18. d4 Qb6 19. Rad1 c4 20. Qc2 Ng6 21.
h4 Nf4 22. Qd2 Nd3 23. Re2 h6 24. Ne1 Nxe1 25. Rdxe1 a5 26. Nh5 Nf8 27. Qf4 Ng6
28. Qg4 e5 29. Rd1 Qc7 30. Red2 Qe7 31. g3 Re8 32. Nxg7 Kxg7 33. h5 Qe6 34.
Qxe6 Rxe6 35. hxg6 Kxg6 36. dxe5 dxe5 37. Rd5 Rb8 38. Rc5 f6 39. Rd7 Rbb6 40.
Rcc7 Red6 41. Rg7+ Kh5 42. Kg2 1-0

[Event "SR 2. liga A 2008/2009"]
[Site "?"]
[Date "2009.01.10"]
[Round "7.3"]
[White "Bojda, Lubomir"]
[Black "Arendas, Marek"]
[Result "1/2-1/2"]
[WhiteElo "2166"]
[BlackElo "2109"]
[PlyCount "57"]
[EventDate "2008.??.??"]
[WhiteTeam "Slovakia"]
[BlackTeam "II"]
[WhiteTeamCountry "SVK"]
[BlackTeamCountry "SVK"]

1. e4 c6 2. d4 d5 3. exd5 Qxd5 4. Nc3 Qa5 5. Bc4 Nf6 6. Nge2 Bf5 7. Ng3 Bg6 8.
O-O e6 9. f4 Be7 10. Qe2 Qd8 11. Re1 Kf8 12. Be3 h5 13. f5 exf5 14. Rf1 Nbd7
15. Nxf5 Nb6 16. Bd3 Nfd5 17. Nxe7 Bxd3 18. Qxd3 Qxe7 19. Nxd5 Nxd5 20. Bd2 Re8
21. Rae1 Qd7 22. Rxe8+ Kxe8 23. c4 Nc7 24. Bc3 Rh6 25. Rf5 h4 26. Bb4 Kd8 27.
Bd2 Rd6 28. Be3 g6 29. Rf1 1/2-1/2

[Event "SR 2. liga A 2008/2009"]
[Site "?"]
[Date "2009.01.10"]
[Round "7.3"]
[White "Magyar, Frantisek"]
[Black "Fabry, Robert"]
[Result "0-1"]
[WhiteElo "2015"]
[BlackElo "2185"]
[PlyCount "56"]
[EventDate "2008.??.??"]
[WhiteTeam "Slovakia"]
[BlackTeam "II"]
[WhiteTeamCountry "SVK"]
[BlackTeamCountry "SVK"]

1. d4 Nf6 2. c4 e6 3. Nf3 c5 4. d5 b5 5. dxe6 fxe6 6. e3 bxc4 7. Bxc4 Be7 8.
O-O O-O 9. Nbd2 Bb7 10. b3 Nd5 11. Bb2 Bf6 12. Bxd5 exd5 13. Bxf6 Qxf6 14. Rc1
d6 15. Qc2 Nc6 16. a3 a5 17. Rfd1 Ne5 18. Kh1 Rae8 19. Nxe5 Rxe5 20. Nf3 Rh5
21. Qe2 Qh6 22. Kg1 d4 23. e4 Qf4 24. Re1 Re8 25. g3 Qf7 26. Qd3 Rf8 27. Kg2
Ba6 28. Qd1 Bc8 0-1

[Event "SR 2. liga A 2008/2009"]
[Site "?"]
[Date "2009.01.10"]
[Round "7.3"]
[White "Michal, Silvio"]
[Black "Kovac, Andrej"]
[Result "1-0"]
[WhiteElo "2123"]
[BlackElo "2038"]
[PlyCount "57"]
[EventDate "2008.??.??"]
[WhiteTeam "Slovakia"]
[BlackTeam "II"]
[WhiteTeamCountry "SVK"]
[BlackTeamCountry "SVK"]

1. c4 e5 2. Nc3 Nc6 3. Nf3 d6 4. d4 exd4 5. Nxd4 Ne5 6. e4 g6 7. Be2 Bg7 8. Be3
Nf6 9. h3 O-O 10. Qd2 Re8 11. Bg5 c6 12. O-O Qc7 13. Rfd1 Ned7 14. Qf4 Re5 15.
Rd2 a5 16. Rad1 a4 17. Nf3 Nh5 18. Qh2 Re6 19. g4 Bxc3 20. bxc3 Nhf6 21. Bxf6
Nxf6 22. Rxd6 Qa5 23. Qf4 Qxc3 24. e5 Ne8 25. Rd8 Kg7 26. Ng5 Re7 27. Rxe8 Rxe8
28. Qf6+ Kh6 29. Nxf7# 1-0

[Event "SR 2. liga A 2008/2009"]
[Site "?"]
[Date "2009.01.10"]
[Round "7.3"]
[White "Mihalik, Marek"]
[Black "Sosovicka, Juraj"]
[Result "1/2-1/2"]
[WhiteElo "2098"]
[BlackElo "2040"]
[PlyCount "101"]
[EventDate "2008.??.??"]
[WhiteTeam "Slovakia"]
[BlackTeam "II"]
[WhiteTeamCountry "SVK"]
[BlackTeamCountry "SVK"]

1. d4 d5 2. c4 c6 3. Nf3 Nf6 4. cxd5 cxd5 5. Nc3 e6 6. Bg5 Be7 7. e3 O-O 8. Bd3
b6 9. Qe2 Bb7 10. O-O Nc6 11. Rac1 Rc8 12. h3 h6 13. Bf4 Bd6 14. Rfd1 Qe7 15.
Bb1 Rfd8 16. Ne5 Bb8 17. Bg3 Nxe5 18. Bxe5 Bxe5 19. dxe5 Nd7 20. f4 Nf8 21. Rd4
Rc7 22. Rcd1 Bc6 23. Ne4 Rcd7 24. Nd6 f6 25. Qh5 Nh7 26. Qg6 Nf8 27. Qh5 Nh7
28. h4 Rc7 29. g4 Be8 30. Nxe8 Rxe8 31. Bxh7+ Kxh7 32. exf6 gxf6 33. R4d2 Qf7
34. Qxf7+ Rxf7 35. Kf2 Rc8 36. Kf3 Rc4 37. Rg1 Rg7 38. Rgg2 Kg8 39. Rc2 Rgc7
40. Rxc4 Rxc4 41. g5 hxg5 42. hxg5 fxg5 43. fxg5 Kg7 44. b3 Rh4 45. Rg4 Rh3+
46. Kf4 Kg6 47. a4 a5 48. Rg1 e5+ 49. Kxe5 Rxe3+ 50. Kxd5 Rxb3 51. Kc6 1/2-1/2

[Event "SR 2. liga A 2008/2009"]
[Site "?"]
[Date "2009.01.10"]
[Round "7.3"]
[White "Mydlarik, Martin"]
[Black "Csiba, Dominik"]
[Result "0-1"]
[WhiteElo "2124"]
[BlackElo "2169"]
[PlyCount "94"]
[EventDate "2008.??.??"]
[WhiteTeam "Slovakia"]
[BlackTeam "II"]
[WhiteTeamCountry "SVK"]
[BlackTeamCountry "SVK"]

1. e4 c5 2. d4 cxd4 3. Nf3 d6 4. c3 Nf6 5. Qxd4 Nc6 6. Bb5 Bd7 7. Qe3 g6 8. O-O
Bg7 9. Nbd2 O-O 10. Re1 d5 11. Bxc6 bxc6 12. e5 Ng4 13. Qc5 Qc7 14. Qxe7 Rfe8
15. Qh4 Nxe5 16. Nxe5 Rxe5 17. Rxe5 Qxe5 18. Nf3 Qe4 19. Qxe4 dxe4 20. Nd4 f5
21. Be3 Kf7 22. Rd1 a5 23. Nf3 Ke8 24. Nd4 a4 25. f3 a3 26. b3 exf3 27. gxf3 c5
28. Ne2 c4 29. b4 Bf6 30. Rd6 Be7 31. Rd4 g5 32. Rd5 f4 33. Bc5 Bf6 34. Bd4 Bd8
35. Bc5 Be6 36. Re5 Kf7 37. Nd4 Bf6 38. Re2 Bd5 39. Kf2 h5 40. Nb5 g4 41. fxg4
hxg4 42. Nd6+ Kg6 43. Rd2 Bf3 44. Bd4 Rh8 45. Bxf6 Rxh2+ 46. Ke1 g3 47. Rd4
Re2+ 0-1

[Event "SR 2. liga A 2008/2009"]
[Site "?"]
[Date "2009.01.10"]
[Round "7.3"]
[White "Polacik, Igor"]
[Black "Biro, Karol"]
[Result "1-0"]
[WhiteElo "2194"]
[BlackElo "2186"]
[PlyCount "27"]
[EventDate "2008.??.??"]
[WhiteTeam "Slovakia"]
[BlackTeam "II"]
[WhiteTeamCountry "SVK"]
[BlackTeamCountry "SVK"]

1. e4 e5 2. Nc3 Nf6 3. Bc4 Bb4 4. Nge2 c6 5. d4 Nxe4 6. dxe5 Nxf2 7. Bxf7+ Kxf7
8. O-O Re8 9. Qd4 Qb6 10. Qf4+ Kg8 11. Be3 Qa5 12. Rxf2 Qxe5 13. Qf7+ Kh8 14.
Bd4 1-0